Proyecto sobre empleo rural, estado y políticas públicas en Centroamérica. Sección El Salavador /

محفوظ في:
التفاصيل البيبلوغرافية
المؤلف الرئيسي: Colindres, Eduardo
مؤلفون آخرون: Mena Rodríguez, David, Villacorta, Jorge
التنسيق: نص
منشور في: San Salvador :
الوسوم: إضافة وسم
لا توجد وسوم, كن أول من يضع وسما على هذه التسجيلة!

MARC

LEADER 00000 a a2200000 04500
001 16403
003
040
090 |a 013100  
100 |a Colindres, Eduardo  
245 |a Proyecto sobre empleo rural, estado y políticas públicas en Centroamérica. Sección El Salavador /  |c Eduardo Colindres 
260 |a San Salvador :  
300 |a 30 p.  
700 |a Mena Rodríguez, David  
700 |a Villacorta, Jorge  
999 |c 9427  |d 9427